Purrdle (Record no. 240791)
[ view plain ]
| 000 -LEADER | |
|---|---|
| fixed length control field | 01053nam a22002297a 4500 |
| 003 - CONTROL NUMBER IDENTIFIER | |
| control field | St Aloysius Coll |
| 005 - DATE AND TIME OF LATEST TRANSACTION | |
| control field | 20260122143723.0 |
| 008 - FIXED-LENGTH DATA ELEMENTS--GENERAL INFORMATION | |
| fixed length control field | 260119b |||||||| |||| 00| 0 eng d |
| 020 ## - INTERNATIONAL STANDARD BOOK NUMBER | |
| International Standard Book Number | 9781529447774 |
| 040 ## - CATALOGING SOURCE | |
| Transcribing agency | AL |
| 041 ## - LANGUAGE CODE | |
| Language code of text/sound track or separate title | English |
| 082 ## - DEWEY DECIMAL CLASSIFICATION NUMBER | |
| Classification number | 793.7 |
| Item number | MOOP |
| 100 ## - MAIN ENTRY--PERSONAL NAME | |
| Personal name | Gareth Moore |
| 9 (RLIN) | 251754 |
| 245 ## - TITLE STATEMENT | |
| Title | Purrdle |
| 260 ## - PUBLICATION, DISTRIBUTION, ETC. | |
| Place of publication, distribution, etc. | Great Britain |
| Name of publisher, distributor, etc. | Greenfinch |
| Date of publication, distribution, etc. | 2025 |
| 300 ## - PHYSICAL DESCRIPTION | |
| Extent | 207p. |
| Other physical details | PB |
| Dimensions | 19.5x12.7cm |
| 365 ## - TRADE PRICE | |
| Source of price type code | General |
| Price type code | 5468 |
| Price amount | ₹399.00 |
| Currency code | ₹ |
| Unit of pricing | ₹499.00 |
| Price note | 20% |
| Price effective from | 10/01/2026 |
| 520 ## - SUMMARY, ETC. | |
| Summary, etc. | Following the international success of Meowdle comes Purrdle. 75 feline crime puzzles with more grit and even sharper claws. This book is packed with a variety of engaging brainteasers, each inspired by the playful antics and cleverness of our beloved feline friends. Perfect for fans of Meowdle, cat lovers and puzzle enthusiasts alike, this book promises hours of fun and intrigue in the company of some of the craftiest cats around. |
| 650 ## - SUBJECT ADDED ENTRY--TOPICAL TERM | |
| Source of heading or term | Indoor Games |
| Topical term or geographic name entry element | Arts |
| 9 (RLIN) | 251755 |
| 700 ## - ADDED ENTRY--PERSONAL NAME | |
| Personal name | Ayres, Laura Jayne |
| 9 (RLIN) | 251756 |
| 942 ## - ADDED ENTRY ELEMENTS (KOHA) | |
| Source of classification or shelving scheme | Dewey Decimal Classification |
| Koha item type | Book |
| Withdrawn status | Lost status | Source of classification or shelving scheme | Damaged status | Not for loan | Collection code | Home library | Current library | Date acquired | Source of acquisition | Cost, normal purchase price | Total Checkouts | Full call number | Barcode | Date last seen | Cost, replacement price | Price effective from | Koha item type |
|---|---|---|---|---|---|---|---|---|---|---|---|---|---|---|---|---|---|
| Dewey Decimal Classification | MA English | St Aloysius PG Library | St Aloysius PG Library | 01/14/2026 | Biblios Book Point | 399.00 | 793.7 MOOP | PG025155 | 01/19/2026 | 499.00 | Book |